Communauté d'agglomération du Boulonnais - Statistiques

Statistiques générales
  • Ce quiz a été pris 29 fois
  • Le résultat moyen est 13 sur 22
Réponses sur la Carte
Les réponses sont colorées sur une échelle allant du rouge au vert en fonction du pourcentage des utilisateurs qui les ont devinées à leur premier essai. Vous pouvez retrouver ces pourcentages ci-dessous.
 
Statistiques - réponses
Communes % Correct
Boulogne sur Mer
100%
Wimereux
94%
Le Portel
88%
Outreau
88%
St Martin Boulogne
88%
Wimille
88%
Neufchâtel Hardelot
82%
Equihen Plage
76%
Baincthun
65%
Dannes
65%
St Etienne au Mont
65%
La Capelle lès Boulogne
59%
Pittefaux
59%
Condette
53%
Isques
47%
St Léonard
47%
Hesdin l'Abbé
41%
Pernes lès Boulogne
35%
Hesdigneul lès Boulogne
29%
Conteville lès Boulogne
18%
Echinghen
18%
Nesles
18%
Aucun quiz correspondant
Distribution des résultats
% des personnes avec chaque résultat
Percentile par nombre de réponses
Votre historique - résultats
Vous n’avez pas pris ce quiz